Capitales de A à Z - Statistiques

Statistiques générales
  • Ce quiz a été pris 644 fois
  • Le résultat moyen est 19 sur 24
Statistiques - réponses
Lettres Pays Capitale % Correct
M Espagne Madrid
98%
W États-Unis Washington
97%
V Autriche Vienne
95%
Z Croatie Zagreb
94%
L Pérou Lima
93%
B Colombie Bogota
92%
D Sénégal Dakar
92%
J Indonésie Jakarta
89%
S Bosnie-Herzégovine Sarajevo
83%
T Iran Téhéran
83%
G Guatemala Guatemala
82%
N Kenya Nairobi
82%
P Corée du Nord Pyongyang
79%
R Arabie Saoudite Riyad
79%
Q Equateur Quito
78%
H Vietnam Hanoï
76%
O Mongolie Oulan Bator
75%
I Pakistan Islamabad
71%
E Arménie Erevan
69%
Y Côte d'Ivoire Yamoussoukro
64%
A Kazakhstan Astana
63%
C Guinée Conakry
57%
F Sierra Leone Freetown
54%
K Soudan Khartoum
51%
Aucun quiz correspondant
Distribution des résultats
% des personnes avec chaque résultat
Percentile par nombre de réponses
Votre historique - résultats
Vous n’avez pas pris ce quiz